[Event "Titled Tuesday intern op 23rd Jul Late"]
[Site "Chess.com INT"]
[Date "2024.07.23"]
[Round "4"]
[White "Mesquita, Eduardo Barbosa"]
[Black "Damaraju, Ashwin"]
[Result "0-1"]
[WhiteElo "1958"]
[BlackElo "2038"]
[PlyCount "132"]
[EventDate "2024.07.23"]
[EventType "swiss (blitz)"]
[EventRounds "11"]
[EventCountry "USA"]
[SourceTitle "EXT 2025"]
[Source "ChessBase"]
[SourceDate "2024.10.14"]
[SourceVersion "1"]
[SourceVersionDate "2024.10.14"]
[SourceQuality "1"]

1. e4 c5 2. Nf3 d6 3. d4 cxd4 4. Nxd4 Nf6 5. Nc3 g6 6. f3 Nc6 7. Be3 h5 8. Qd2 Nxd4 9. Bxd4 Bh6 10. Qf2 Qa5 11. Bb5+ Kf8 12. 0-0 e5 13. Be3 Bxe3 14. Qxe3 Be6 15. Rfd1 Rc8 16. Rxd6 Kg7 17. Rad1 Qb4 18. R6d3 Rxc3 19. Rxc3 Qxb5 20. Qxa7 Qxb2 21. Rc7 Rc8 22. Rxc8 Bxc8 23. Qc5 Be6 24. a3 Nd7 25. Qc7 Qb6+ 26. Qxb6 Nxb6 27. Rb1 Nc4 28. Rxb7 Nxa3 29. Rc7 Kf6 30. g3 Nb5 31. Rc5 Nd4 32. Kf2 g5 33. h4 gxh4 34. gxh4 Bd7 35. c3 Nb3 36. Rc7 Ke6 37. Ke3 Kd6 38. Ra7 Be6 39. Ra8 f6 40. Rh8 Bf7 41. Rh7 Ke6 42. Rh8 Na5 43. Ke2 Nc4 44. Kd3 Nb2+ 45. Ke3 Nd1+ 46. Kd2 Nf2 47. c4 Kd6 48. Kc3 Nd1+ 49. Kd2 Nb2 50. Kc3 Nd1+ 51. Kd2 Nb2 52. Kc3 Nxc4 53. Rh7 Be6 54. Rxh5 Ne3 55. Rh6 Ke7 56. Kd2 Ng2 57. Kd3 Nf4+ 58. Ke3 Ng2+ 59. Kf2 Nf4 60. h5 Kf7 61. Rh7+ Kg8 62. Rh6 Kg7 63. Rg6+ Nxg6 64. hxg6 Kxg6 65. f4 exf4 66. Kf3 Kg5 0-1

[Event "Titled Tuesday intern op 25th Jun Late"]
[Site "Chess.com INT"]
[Date "2024.06.25"]
[Round "1"]
[White "Damaraju, Ashwin"]
[Black "Schut, Han"]
[Result "1-0"]
[WhiteElo "2038"]
[BlackElo "2077"]
[PlyCount "82"]
[EventDate "2024.06.25"]
[EventType "swiss (blitz)"]
[EventRounds "11"]
[EventCountry "USA"]
[SourceTitle "EXT 2025"]
[Source "ChessBase"]
[SourceDate "2024.10.14"]
[SourceVersion "1"]
[SourceVersionDate "2024.10.14"]
[SourceQuality "1"]

1. e4 c5 2. Nc3 Nc6 3. Bb5 Nd4 4. Nf3 g6 5. Bc4 Bg7 6. Nxd4 cxd4 7. Qf3 e6 8. Nb5 d6 9. Qa3 Bf8 10. Nxd4 d5 11. Bb5+ Bd7 12. Qd3 dxe4 13. Qxe4 a6 14. Bxd7+ Qxd7 15. Qe5 f6 16. Qxe6+ Qxe6+ 17. Nxe6 Bd6 18. 0-0 Kf7 19. Nd4 Rd8 20. c3 Ne7 21. Nf3 Rhe8 22. d4 g5 23. Bd2 b5 24. Ne1 h5 25. Nd3 h4 26. f4 g4 27. Ne5+ fxe5 28. fxe5+ Kg7 29. exd6 Rxd6 30. Rae1 Rf6 31. Rxf6 Kxf6 32. Re5 Rg8 33. Be1 Nf5 34. Rc5 h3 35. Rc6+ Kg5 36. Bd2+ Kh5 37. Rxa6 hxg2 38. Rf6 g3 39. Rxf5+ Kg4 40. Rf4+ Kh3 41. hxg3 Rxg3 1-0

[Event "Titled Tuesday intern op 11th Jun Late"]
[Site "Chess.com INT"]
[Date "2024.06.11"]
[Round "11"]
[White "Damaraju, Ashwin"]
[Black "Adla, Diego Gustavo"]
[Result "0-1"]
[WhiteElo "2038"]
[BlackElo "2390"]
[PlyCount "72"]
[EventDate "2024.06.11"]
[EventType "swiss (blitz)"]
[EventRounds "11"]
[EventCountry "USA"]
[SourceTitle "EXT 2025"]
[Source "ChessBase"]
[SourceDate "2024.10.14"]
[SourceVersion "1"]
[SourceVersionDate "2024.10.14"]
[SourceQuality "1"]

1. e4 e5 2. Nf3 Nc6 3. d4 exd4 4. Nxd4 Qf6 5. c3 Qg6 6. Qc2 Nf6 7. Nb5 Kd8 8. Bf4 d6 9. Nd2 a6 10. Nd4 d5 11. Nxc6+ bxc6 12. 0-0-0 Bd7 13. Bd3 Qxg2 14. Rhg1 Qxf2 15. Rdf1 Qb6 16. e5 Ne4 17. Nxe4 dxe4 18. Bxe4 h6 19. Rd1 Kc8 20. Bf5 Bxf5 21. Qxf5+ Kb7 22. Qxf7 Bc5 23. Rgf1 Rhf8 24. Qc4 Rae8 25. Kb1 g5 26. Bg3 h5 27. b4 Be3 28. e6 h4 29. Rxf8 Rxf8 30. e7 Rc8 31. Rd8 hxg3 32. Rxc8 g2 33. e8Q g1Q+ 34. Kb2 Qc1+ 35. Kb3 Qb1+ 36. Ka4 Qb5+ 0-1

[Event "Titled Tuesday intern op 11th Jun Late"]
[Site "Chess.com INT"]
[Date "2024.06.11"]
[Round "4"]
[White "Damaraju, Ashwin"]
[Black "Najer, Evgeniy"]
[Result "1-0"]
[WhiteElo "2038"]
[BlackElo "2663"]
[PlyCount "115"]
[EventDate "2024.06.11"]
[EventType "swiss (blitz)"]
[EventRounds "11"]
[EventCountry "USA"]
[SourceTitle "EXT 2025"]
[Source "ChessBase"]
[SourceDate "2024.10.14"]
[SourceVersion "1"]
[SourceVersionDate "2024.10.14"]
[SourceQuality "1"]

1. e4 c6 2. d4 d5 3. e5 Bf5 4. Nf3 e6 5. Be2 Ne7 6. 0-0 h6 7. c3 a5 8. a4 Nc8 9. Na3 Nb6 10. Nc2 Be7 11. Ne3 Bh7 12. Ne1 c5 13. Bd3 cxd4 14. cxd4 Nc6 15. Bxh7 Rxh7 16. Qd3 Rh8 17. Bd2 Qd7 18. N1c2 h5 19. Qb5 Ra6 20. f4 g6 21. Bc3 Kf8 22. Ne1 Nb4 23. Bxb4 Bxb4 24. Nd3 Be7 25. Nc5 Qxb5 26. axb5 Ra7 27. Ra2 Kg7 28. Rfa1 Rha8 29. b3 Rc8 30. Rc2 Bxc5 31. dxc5 Nd7 32. b4 Raa8 33. Rxa5 Rxa5 34. bxa5 Rxc5 35. Rxc5 Nxc5 36. Nc2 Kf8 37. Nd4 Ke7 38. Kf2 Kd7 39. Ke3 Kc7 40. h3 Ne4 41. g4 hxg4 42. hxg4 g5 43. f5 exf5 44. gxf5 Nc5 45. Kf3 Nd3 46. e6 fxe6 47. Nxe6+ Kd6 48. Nxg5 Ne5+ 49. Kf4 Nc4 50. a6 bxa6 51. bxa6 Nb6 52. f6 Nc8 53. f7 Ke7 54. Ke5 Nb6 55. a7 Na8 56. Kxd5 Nc7+ 57. Kc6 Na8 58. Kb7 1-0

[Event "Titled Tuesday intern op 11th Jun Late"]
[Site "Chess.com INT"]
[Date "2024.06.11"]
[Round "10"]
[White "Damaraju, Ashwin"]
[Black "Ramsdal, Jens Albert"]
[Result "1-0"]
[WhiteElo "2038"]
[BlackElo "2351"]
[PlyCount "115"]
[EventDate "2024.06.11"]
[EventType "swiss (blitz)"]
[EventRounds "11"]
[EventCountry "USA"]
[SourceTitle "EXT 2025"]
[Source "ChessBase"]
[SourceDate "2024.10.14"]
[SourceVersion "1"]
[SourceVersionDate "2024.10.14"]
[SourceQuality "1"]

1. e4 c5 2. Nc3 g6 3. d4 cxd4 4. Qxd4 Nf6 5. Nf3 Nc6 6. Qa4 Bg7 7. e5 Ng8 8. Bf4 Nh6 9. h3 Qb6 10. 0-0-0 0-0 11. Be3 Qd8 12. g4 Nxe5 13. Nxe5 Bxe5 14. Bxh6 Re8 15. Qb3 e6 16. f4 Bh8 17. f5 d5 18. Bg2 Bd7 19. Nxd5 exd5 20. Bxd5 Qe7 21. Rhe1 Qf6 22. g5 Qxb2+ 23. Qxb2 Bxb2+ 24. Kxb2 Bxf5 25. Rxe8+ Rxe8 26. Bxb7 Rb8 27. Kc1 Bxh3 28. c4 Bg4 29. Rd4 Be6 30. c5 f5 31. c6 Kf7 32. a4 a5 33. Rd6 Ke7 34. Rxe6+ Kxe6 35. c7 Rg8 36. c8Q+ Rxc8+ 37. Bxc8+ Ke5 38. Kd2 Kf4 39. Ke2 Kg4 40. Kf2 Kf4 41. Bb7 Kg4 42. Bf3+ Kf4 43. Be2 Ke5 44. Bf8 Kf4 45. Be7 Ke5 46. Bd8 Kf4 47. Bd1 Ke5 48. Bxa5 Kf4 49. Bd8 Ke5 50. a5 Ke6 51. a6 Kd7 52. a7 Kc8 53. a8Q+ Kd7 54. Qb7+ Ke8 55. Qxh7 Kf8 56. Bf6 f4 57. Qg7+ Ke8 58. Qe7# 1-0

[Event "Titled Tuesday intern op 11th Jun Late"]
[Site "Chess.com INT"]
[Date "2024.06.11"]
[Round "1"]
[White "Veloso, Henrique Barbosa"]
[Black "Damaraju, Ashwin"]
[Result "0-1"]
[WhiteElo "2018"]
[BlackElo "2038"]
[PlyCount "66"]
[EventDate "2024.06.11"]
[EventType "swiss (blitz)"]
[EventRounds "11"]
[EventCountry "USA"]
[SourceTitle "EXT 2025"]
[Source "ChessBase"]
[SourceDate "2024.10.14"]
[SourceVersion "1"]
[SourceVersionDate "2024.10.14"]
[SourceQuality "1"]

1. d4 Nf6 2. c4 g6 3. Nc3 Bg7 4. e4 d6 5. h3 0-0 6. Be3 e5 7. d5 Na6 8. Nf3 Nc5 9. Nd2 a5 10. g4 Qe8 11. Be2 a4 12. Qc2 c6 13. g5 Nfd7 14. h4 f5 15. dxc6 bxc6 16. 0-0-0 f4 17. Bxc5 Nxc5 18. Nf3 Qe7 19. Rd2 Bg4 20. Rhd1 Bxf3 21. Bxf3 Ne6 22. Ne2 Nd4 23. Nxd4 exd4 24. e5 dxe5 25. Bxc6 Ra5 26. Bxa4 e4 27. Rxd4 Bxd4 28. Rxd4 e3 29. fxe3 Qxe3+ 30. Rd2 f3 31. Bb3 Rc5 32. Kb1 f2 33. Rd1 f1Q 0-1

[Event "Titled Tuesday intern op 11th Jun Late"]
[Site "Chess.com INT"]
[Date "2024.06.11"]
[Round "9"]
[White "Venkatesh, Narayan"]
[Black "Damaraju, Ashwin"]
[Result "0-1"]
[WhiteElo "2050"]
[BlackElo "2038"]
[PlyCount "70"]
[EventDate "2024.06.11"]
[EventType "swiss (blitz)"]
[EventRounds "11"]
[EventCountry "USA"]
[SourceTitle "EXT 2025"]
[Source "ChessBase"]
[SourceDate "2024.10.14"]
[SourceVersion "1"]
[SourceVersionDate "2024.10.14"]
[SourceQuality "1"]

1. d4 Nf6 2. c4 g6 3. Nc3 Bg7 4. e4 d6 5. Be2 0-0 6. Be3 e5 7. d5 Na6 8. g4 Nc5 9. f3 h5 10. g5 Nh7 11. h4 f6 12. Nh3 Bxh3 13. Rxh3 fxg5 14. hxg5 Nxg5 15. Rg3 Rf4 16. Qd2 Qf6 17. 0-0-0 h4 18. Rg2 Nxf3 19. Bxf3 Rxf3 20. Rdg1 Kh7 21. Bg5 Rf1+ 22. Kc2 Qf3 23. Rxf1 Qxf1 24. Bxh4 Bh6 25. Bg5 Nd3 26. Rh2 Ne1+ 27. Kb3 Nf3 28. Rxh6+ Kg7 29. Qe3 Nd4+ 30. Ka3 Nc2+ 31. Kb3 Nxe3 32. Bxe3 Qf3 33. Bd2 Qg2 34. Bc1 Rh8 35. Rh7+ Rxh7 0-1